Which Harry Potter Movie? (Neville) Quiz Stats

 Plays Quiz Updated May 29, 2021

Support Sporcle.
Go Orange.
Score 0/8 Timer 02:00
15 Plays Today
% Correct
Harry Potter and the
Deathly Hallows Part 2
98.4%
Harry Potter and the
Chamber of Secrets
94.3%
Harry Potter and the
Deathly Hallows Part 1
92.6%
Harry Potter and the
Prisoner of Azkaban
91.5%
Harry Potter and the
Order of the Phoenix
86%
Harry Potter and the
Half-Blood Prince
85.2%
Harry Potter and the
Goblet of Fire
85.1%
Harry Potter and the
Sorcerer’s Stone
83.2%

You're not logged in!

Compare scores with friends on all Sporcle quizzes.
OR
Log In

From the Vault

NHL Point Leaders by Team (2015-16)

by justin0838

These are the players you want on your fantasy hockey teams.
Remove Ads.
Support Sporcle.
Get the best of Sporcle when you Go Orange. This ad-free experience offers more features, more stats, and more fun while also helping to support Sporcle. Thank you for becoming a member.

Show Comments

Extras

Top Quizzes Today


Score Distribution

Your Account Isn't Verified!

In order to create a playlist on Sporcle, you need to verify the email address you used during registration. Go to your Sporcle Settings to finish the process.

Report this User

Report this user for behavior that violates our Community Guidelines.

Details: